The cave paintings of Baja California (Record no. 9999)
[ view plain ]
| 000 -CABECERA | |
|---|---|
| campo de control de longitud fija | 01241nam a2200301 a 4500 |
| 001 - NÚMERO DE CONTROL | |
| campo de control | BRL_1187 |
| 005 - FECHA Y HORA DE LA ÚLTIMA TRANSACCIÓN | |
| campo de control | 20190320211056.0 |
| 008 - DATOS DE LONGITUD FIJA--INFORMACIÓN GENERAL | |
| campo de control de longitud fija | 221113s1975----u--ab#####---#000-0#eng-# |
| 020 ## - NÚMERO INTERNACIONAL ESTÁNDAR DEL LIBRO | |
| Número Internacional Estándar del Libro | 0913938167 |
| 041 ## - CÓDIGO DE LENGUA | |
| Código de lengua del texto/banda sonora o título independiente | eng |
| 044 ## - CÓDIGO DEL PAÍS DE LA ENTIDAD EDITORA/PRODUCTORA | |
| Código MARC del país | u |
| 050 #4 - SIGNATURA TOPOGRÁFICA DE LA BIBLIOTECA DEL CONGRESO | |
| Número de clasificación | F1219.1.B3 |
| Número de documento/Ítem | .C76 1975 |
| 100 1# - ENTRADA PRINCIPAL--NOMBRE DE PERSONA | |
| Nombre de persona | Crosby, Harry |
| Fechas asociadas al nombre | 1926- |
| 9 (RLIN) | 26050 |
| 245 10 - MENCIÓN DE TÍTULO | |
| Título | The cave paintings of Baja California |
| Resto del título | the great murals of an unknown people |
| Mención de responsabilidad, etc. | written and photographed by Harry Crosby ; other illustrations by Joanne Haskell Crosby ; commissioned by Helen K. Copley ; edited by Richard F. Pourade |
| 260 ## - PUBLICACIÓN, DISTRIBUCIÓN, ETC. | |
| Lugar de publicación, distribución, etc. | United States of America |
| Nombre del editor, distribuidor, etc. | Copley Books |
| Fecha de publicación, distribución, etc. | 1975 |
| 300 ## - DESCRIPCIÓN FÍSICA | |
| Extensión | ix, 174 p. |
| Otras características físicas | il. (algunas a color), mapas |
| Dimensiones | 29 cm. |
| 500 ## - NOTA GENERAL | |
| Nota general | Au1346 |
| 504 ## - NOTA DE BIBLIOGRAFÍA, ETC. | |
| Nota de bibliografía, etc. | Bibliografía: p. 170-171 |
| 650 14 - PUNTO DE ACCESO ADICIONAL DE MATERIA--TÉRMINO DE MATERIA | |
| Término de materia o nombre geográfico como elemento de entrada | Indígenas de México |
| Subdivisión general | Antigüedades |
| Subdivisión geográfica | Baja California (Peninsula) |
| 9 (RLIN) | 26051 |
| 650 14 - PUNTO DE ACCESO ADICIONAL DE MATERIA--TÉRMINO DE MATERIA | |
| Término de materia o nombre geográfico como elemento de entrada | Pintura rupestre |
| Subdivisión general | Antigüedades |
| Subdivisión geográfica | Baja California (Peninsula) |
| 9 (RLIN) | 26052 |
| 650 14 - PUNTO DE ACCESO ADICIONAL DE MATERIA--TÉRMINO DE MATERIA | |
| Término de materia o nombre geográfico como elemento de entrada | Petroglifos |
| Subdivisión general | Antigüedades |
| Subdivisión geográfica | Baja California (Peninsula) |
| 9 (RLIN) | 26053 |
| 651 #4 - PUNTO DE ACCESO ADICIONAL DE MATERIA--NOMBRE GEOGRÁFICO | |
| Nombre geográfico | Baja California (Peninsula) |
| Subdivisión general | Antigüedades |
| 9 (RLIN) | 26054 |
| 700 1# - PUNTO DE ACCESO ADICIONAL--NOMBRE DE PERSONA | |
| Nombre de persona | Haskell Crosby, Joanne |
| Término indicativo de función/relación | il. |
| 9 (RLIN) | 26055 |
| 700 1# - PUNTO DE ACCESO ADICIONAL--NOMBRE DE PERSONA | |
| Nombre de persona | Copley, Helen K. |
| 9 (RLIN) | 26056 |
| 700 1# - PUNTO DE ACCESO ADICIONAL--NOMBRE DE PERSONA | |
| Nombre de persona | Pourade, Richard F. |
| Término indicativo de función/relación | ed. |
| 9 (RLIN) | 26057 |
| 902 ## - CATALOGADOR | |
| Iniciales | GRL |
| 942 ## - ELEMENTOS DE PUNTO DE ACCESO ADICIONAL (KOHA) | |
| Fuente del sistema de clasificación o colocación | Library of Congress Classification |
| Tipo de ítem Koha | Libros |
| Estado de retiro | Estado de pérdida | Estado dañado | No para préstamo | Localización permanente | Ubicación/localización actual | Fecha de adquisición | Número de inventario | Total de préstamos | Signatura topográfica completa | Código de barras | Fecha visto por última vez | Precio válido a partir de | Tipo de ítem Koha |
|---|---|---|---|---|---|---|---|---|---|---|---|---|---|
| El ejemplar forma parte de la colección y puede ser consultado según las políticas vigentes. | Biblioteca Centro de Estudios Ruth D. Lechuga | Biblioteca Centro de Estudios Ruth D. Lechuga | 22/11/2013 | Au1346 | F1219.1.B3 .C76 1975 (Au1346) | GRL01304 | 22/03/2019 | 22/03/2019 | Libros |